00943nam a2200253Ia 450000500170000000800410001702000220005804100080008008200150008810000230010324500390012625000120016526000410017730000210021844000060023950000280024565000360027370000230030990600070033294200070033999900170034695201630036395201630052620251121230932.0230125s9999 xx 000 0 und d a978-81-8495-879-9 aeng a158.1bXAV aXavier G F9215238 aThe Worlds Most Inspiring Thoughts a2nd Ed. c2017bJaico Publishing HouseaMumbai a257pcPaper Back v2 aPersonality Development aPersonality Development9213420 aXavier G F9215238 b27 cBK c95985d95985 00104070aHIMRbHIMRd2019-03-06ePritam Book Centreg299.00i10788l0o158.1 XAV B18537pHIMR-BK-18537r2023-01-25 00:00:00v272.00w2019-03-05yBKzB18537 00104070aHIMRbHIMRd2019-03-06ePritam Book Centreg299.00i10788l0o158.1 XAV B18538pHIMR-BK-18538r2023-01-25 00:00:00v272.00w2019-03-05yBKzB18538